LEADER 01859nam 2200493 n 450 001 996397542803316 005 20220119194618.0 024 8 $aocm99890598\ 035 $a(CKB)4940000000060160 035 $a(EEBO)2240871176 035 $a(OCoLC)ocm19338780e 035 $a(OCoLC)19338780 035 $a(OCoLC)99890598 035 $aocm99890598 035 $a(UnM)ocm99890598 035 $a(UnM)99122211200971 035 $a(UnM)99890598 035 $aocm99890598 035 $a(UnM)ocm99890598 035 $a(EXLCZ)994940000000060160 100 $a19890310d1688 uy | 101 0 $aeng 135 $aurbn#|||a|bb| 200 12$aA speech made by Queen Elizabeth, (of famous memory) in Parliament$b[electronic resource] $eanno 1593. and in the 35th year of her reign, concerning the Spanish invasion 210 $aLondon, $cPrinted by D. Mallet, next door to the sign of the Star between Fleet-bridge and Bridewell-bridge.$d1688 215 $a[2] p 300 $aImprint from colophon. 300 $a"With allowance"--P. [2]. 300 $aIncludes: A second speech of Queen Elizabeth (of famous memory) 1601, in the 44th year of her reign. 300 $aReproduction of original in the Bodleian Library. 330 $aeebo-0014 517 2 $aSecond speech of Queen Elizabeth (of famous memory) 1601, in the 44th year of her reign 607 $aGreat Britain$xHistory$yElizabeth, 1558-1603 607 $aGreat Britain$xForeign relations$y1558-1603 608 $aBroadsides$zEngland$y17th century.$2rbgenr 701 $aElizabeth$cQueen of England,$f1533-1603.$0996842 801 0$bCu-RivES 801 1$bCu-RivES 801 2$bCStRLIN 801 2$bCu-RivES 906 $aBOOK 912 $a996397542803316 996 $aA speech made by Queen Elizabeth, (of famous memory) in Parliament$92357383 997 $aUNISA LEADER 02250nam 2200517 a 450 001 9910784382303321 005 20230316210123.0 010 $a0-8166-8492-8 035 $a(CKB)1000000000347196 035 $a(EBL)310250 035 $a(OCoLC)476093287 035 $a(SSID)ssj0000232643 035 $a(PQKBManifestationID)11173540 035 $a(PQKBTitleCode)TC0000232643 035 $a(PQKBWorkID)10214852 035 $a(PQKB)11342089 035 $a(MiAaPQ)EBC310250 035 $a(Au-PeEL)EBL310250 035 $a(CaPaEBR)ebr10159376 035 $a(EXLCZ)991000000000347196 100 $a19921103d1993 uy 0 101 0 $aeng 135 $aur|n|---||||| 181 $ctxt$2rdacontent 182 $cc$2rdamedia 183 $acr$2rdacarrier 200 00$aRaptor biomedicine /$fPatrick T. Redig [et al.], editors ; Trudi Hahn, technical editor 210 1$aMinneapolis :$cUniversity of Minnesota Press,$d1993. 215 $a1 online resource (284 pages) $cillustrations 300 $aDescription based upon print version of record. 311 0 $a0-8166-2219-1 320 $aIncludes bibliographical references and index. 327 $apt. 1. Introduction -- pt. 2. Pathology and microbiology -- pt. 3. Surgery and anesthesia -- pt. 4. Medicine and therapeutics -- pt. 5. Environmental toxicity. 330 $aThis state-of-the-art contribution to the field of raptor medicine and biology is an essential resource to all those associated with the care and conservation of raptors. Falconers and managers of captive birds will gain useful information that will promote the understanding and practice of preventive medicine, and field biologists, veterinarians, and rehabilitators will acquire new perspectives on disease and environmental factors that determine the survival of casualty birds and influence of population dynamics of wild raptors. 606 $aBirds of prey$xDiseases 615 0$aBirds of prey$xDiseases. 676 $a639.9/78 701 $aRedig$b Patrick Thomas$01576800 701 $aHahn$b Trudi$01576801 801 0$bMiAaPQ 801 1$bMiAaPQ 801 2$bMiAaPQ 906 $aBOOK 912 $a9910784382303321 996 $aRaptor biomedicine$93854860 997 $aUNINA